00710 2200241 4500001002100000005001500021035002000036007000300056008004100059020002200100082001100122084001700133100002400150245012600174250001000300260004100310300003500351650001300386700001500399520003000414990001200444990001200456INLIS00000000000187420180409111655 a0010-0418000031ta180409 g 0 ind  a978-979-592-624-5 a956.94 a956.94 JAG t0 aJAGAD, A. Purbawati1 aThe New World Order :bKonspirasi Global Para Penyembah Iblis Menaklukkan Dunia /cJagad A. Purbawati; editor, Artawijaya acet.1 aJakarta :bPustaka Al-Kautsar,c2013 axxiv, 352 hlm :bilus ;c21 cm aZIONISME0 aARTAWIJAYA abibliografi: hlm. 347-352 a16543 a a16543 b